01426cam a22002774a 450000100090000000300050000900500170001400800410003101000170007202000150008908200160010424501150012026000330023530000730026850502870034165000470062865000260067570000360070170000280073785600890076585600900085490600450094494200120098999900190100195201280102012210082NUST20221116105106.0001025s2001 nyua b 001 0 eng  a 00052278  a038795066400a621.367,DIG00aDigital image analysis :bselected techniques and applications /ceditors, Walter G. Kropatsch, Horst Bischof. aNew York :bSpringer,c2001. axxix, 505 p. :bill. ;c25 cm.e1 computer optical disc (4 3/4 in) . aPart I: Mathematical Methods for Image Analysis (Page-1), Part II: Data Handling (Page-131), Part III: Robust and Adaptive Image Understanding (Page-175), Part IV: Information Infusion and Radiometric Models for Image Understanding (Page-285), Part V: 3-D Reconstruction (Page-367). 0aImage processingxDigital techniques.9673 0aImage analysis.934771 aKropatsch, W.q(Walter)91026561 aBischof, Horst.9102657423Publisher descriptionuhttp://www.loc.gov/catdir/enhancements/fy0816/00052278-d.html413Table of contents onlyuhttp://www.loc.gov/catdir/enhancements/fy0816/00052278-t.html a7bcbccorignewd1eocipf20gy-gencatlg 2ddccBK c592317d592317 00102ddc4070aMCSbMCScGENd2022-11-16l0o621.367,DIGpMCS33209r2022-11-16w2022-11-16yBKzAlmirah No.30, Shelf No.3